Land area and exclusive economic zone combined! - Statistics

General Stats
  • This quiz has been taken 1,297 times
  • The average score is 18 of 20
Answer Stats
Hint Answer % Correct
1 Russia
100%
4 Canada
99%
2 USA
99%
3 Australia
98%
6 Brazil
98%
7 China
98%
5 France
97%
9 UK
97%
10 India
96%
8 Indonesia
96%
12 Japan
96%
16 Argentina
95%
11 Mexico
94%
14 Chile
91%
15 New Zealand
89%
20 Norway
87%
13 Denmark
74%
17 Kiribati
59%
18 FS Micronesia
58%
19 Papua New Guinea
58%
No matching quizzes found
Score Distribution
Percent of People with Each Score
Percentile by Number Answered
Your Score History
You have not taken this quiz